000 00668nam a2200241Ia 4500
003 OSt
005 20220924115118.0
006 a|||||r|||| 00| 0
007 ta
008 220923b |||||||| |||| 00| 0 ara d
024 _a334793
037 _cTextual
040 _aARTS
_cARTS
_bara
041 _2ara
_aara
082 _aO28v467B,D9, K1
100 _aZaki Ahmad Kamal Au.
_9176844
245 0 _aAl-hayat-al-adbiyat fi-al-Basra
260 _aDamascus
_bDar-al-fikr Arab
_c1961
300 _a599p.
_ccm.
650 _aARABIC LITERATURE
942 _hO28v467B,D9, K1
_cTEXL
_2CC
999 _c396803
_d396803